000 00765nam a2200241 i 4500
001 7259
003 ES-MaACL
005 20250902063048.0
007 t|
008 901114s1990 sp ||||1| spa d
020 _a84-7844-038-0
080 _a85-311.1"19'
080 _a85(Calvino,I.7 S.03=6)
100 1 _aCalvino, Italo,
_d1923-1985
_9242175
245 1 0 _aSi una noche de invierno un viajero /
_cItalo Calvino ; traduccion, Esther Benitez.
260 _aMadrid :
_bSiruela,
_c1990.
300 _a287 p. ;
_c23 cm.
490 1 _aLibros del tiempo ;
_v19
700 1 _aBenítez, Esther,
_d1937-2001
_927600
830 0 0 _aLibros del tiempo (Siruela)
_v19
_9233603
852 _aES-MaACL
_jL-14503
_bR.118372
_z. - cart.
999 _c7259
_d7259